|
|
|
|
| LEADER |
01537cas a2200241 a 4500 |
| 001 |
AALejournalIMF007736 |
| 008 |
230101c9999 xx r poo 0 0eng d |
| 020 |
|
|
|c 5.00 USD
|
| 020 |
|
|
|z 9781451943221
|
| 022 |
|
|
|a 1018-5941
|
| 040 |
|
|
|a BD-DhAAL
|c BD-DhAAL
|
| 110 |
2 |
|
|a International Monetary Fund.
|
| 245 |
1 |
0 |
|a Parallel Currency Markets in Developing Countries :
|b Theory, Evidence, and Policy Implications.
|
| 264 |
|
1 |
|a Washington, D.C. :
|b International Monetary Fund,
|c 1990.
|
| 300 |
|
|
|a 1 online resource (52 pages)
|
| 490 |
1 |
|
|a IMF Working Papers
|
| 500 |
|
|
|a <strong>Off-Campus Access:</strong> No User ID or Password Required
|
| 500 |
|
|
|a <strong>On-Campus Access:</strong> No User ID or Password Required
|
| 506 |
|
|
|a Electronic access restricted to authorized BRAC University faculty, staff and students
|
| 520 |
3 |
|
|a The paper reviews recent theoretical and empirical developments in the analysis of informal currency markets in developing countries. The basic characteristics of these markets are highlighted, and alternative analytical models to explain them are discussed. The implications for exchange rate policy -including imposition of foreign exchange restrictions, devaluation, and unification of exchange markets- in countries with a sizable parallel market are also examined.
|
| 538 |
|
|
|a Mode of access: Internet
|
| 830 |
|
0 |
|a IMF Working Papers; Working Paper ;
|v No. 1990/114
|
| 856 |
4 |
0 |
|z Full text available on IMF
|u http://elibrary.imf.org/view/journals/001/1990/114/001.1990.issue-114-en.xml
|z IMF e-Library
|